Let's see London
Salvato in:
| Autore principale: | |
|---|---|
| Natura: | Libro |
| Lingua: | inglese |
| Pubblicazione: |
Londres
The Macmillan
1978
|
| Edizione: | 1a. ed |
| Soggetti: | |
| Tags: |
Aggiungi Tag
Nessun Tag, puoi essere il primo ad aggiungerne!!
|
MARC
| LEADER | 00000nam a2200000 a 4500 | ||
|---|---|---|---|
| 001 | UCK0750 | ||
| 003 | CL-VaPUC | ||
| 008 | 041022e19780000UK |||||||||||||||||eng|d | ||
| 020 | |a 0333238745 | ||
| 082 | 0 | 4 | |a 428 |b MER |2 21 |
| 100 | |a Meredith-Parry, John |e autor |9 488619 | ||
| 245 | 1 | 0 | |a Let's see London |
| 250 | |a 1a. ed | ||
| 300 | |a 123 p | ||
| 942 | |c BK | ||
| 945 | |d 20041022 00:00:00 |a vberengu | ||
| 260 | |a Londres |b The Macmillan |c 1978 | ||
| 650 | 0 | |a Lengua inglesa |9 318842 | |
| 650 | 0 | |a Enseñanza del inglés |9 367340 | |
| 650 | 0 | |a Libros de texto |9 270019 | |
| 650 | 0 | |a Educación lingüística |9 306506 | |
| 583 | |a last modification |c 20041022 00:00:00 |k Rodrigo Vera | ||
| 999 | |c 311022 |d 311020 | ||
| 952 | |0 0 |1 0 |4 0 |6 428_000000000000000_MER_1978 |7 0 |8 A |9 380203 |a BIBEDU |b BIBEDU |d 2019-11-21 |i 4067819 |o 428 MER 1978 |p 4067819 |r 2019-11-21 |w 2019-11-21 |y BK |k LIT | ||